Taylor Swift - Compléter le refrain de Style - Statistiques

Statistiques générales
  • Ce quiz a été pris 84 fois
  • Le résultat moyen est 6 sur 8
Statistiques - réponses
Question Réponse % Correct
'Cause never *** go out of style, *** never go out of style we
98%
*** we nеver go out of style, we nеver go out of style 'Cause
95%
You got that James Dean *** look in your eye daydream
95%
And I got that good girl *** and a tight little skirt faith
95%
And when *** go crashin' down, *** come back every time we
88%
And I got that red *** classic thing that you like lip
59%
You got that long hair, *** back, white T-shirt slicked
56%
And when we go crashin' down, we come back *** every time
32%
Aucun quiz correspondant
Distribution des résultats
% des personnes avec chaque résultat
Percentile par nombre de réponses
Votre historique - résultats
Vous n’avez pas pris ce quiz